Strangereal Flags Quiz (Ace Combat) - Statistics

General Stats
  • This quiz has been taken 34 times
    10 since last reset
  • The average score is 9 of 16
Answer Stats
Picture Answer % Correct
Erusea
100%
Osea
100%
Yuktobania
100%
Belka
89%
Independent State Allied Forces
89%
Estovakia
78%
Aurelia
56%
Central Usea
56%
Emmeria
56%
Ustio
56%
Leasath
44%
Sapin
44%
Sotoa
44%
Nordennavic
11%
San Salvacion
0%
Usean Allied Forces
0%
No matching quizzes found
Score Distribution
Percent of People with Each Score
Percentile by Number Answered
Your Score History
You have not taken this quiz since the last reset